LEADER 01412nam a2200277 i 4500 001 000000062041 003 CaOOAMICUS 005 20100708000000.0 008 100708s1997 it u000 u ita u 013 $a33213 020 $a88-8241-001-3 040 $aSeMil$bita 245 10$aMartirio e vita cristiana :$bprospettive teologiche attuali : atti del seminario di studio tenuto a San Cataldo (Caltanissetta) il 14 settembre 1996 /$ca cura di Cataldo Naro. 260 $aCaltanissetta ;$aRoma :$bSciascia,$c1997. 300 $a306 p. ;$c20 cm. 490 0 $aStudi del centro A. Cammarata ;$v24 600 14$aBonhoeffer, Dietrich <1906-1945>.$0(OLS)http://semarc/subject/5655 650 4$aMartirio.$0(OLS)http://semarc/subject/11761 700 1 $aNaro, Cataldo .$0(OLS)http://semarc/name/866 830 0$aStudi del centro A. Cammarata ;$v24.$0(OLS)http://semarc/title/9601 850 $aSeMil 852 $aSeMil$W1$xVenegono$y1$m2G I 155$j28194$B28194$CSeMilBibl$Z2$F28197 $81 961 $aOmaggio: Bosatra mons. Bruno Maria 996 $6020$a88-8241-001-3$9(OLS)http://semarc/number/38443 996 $6245$aMartirio e vita cristiana :$bprospettive teologiche attuali : atti del seminario di studio tenuto a San Cataldo (Caltanissetta) il 14 settembre 1996$9(OLS)http://semarc/title/97607 996 $6260$aCaltanissetta ;$aRoma :$bSciascia$9(OLS)http://semarc/publisher/31960 LEADER 01051nam a2200265 i 4500 001 000000080029 003 CaOOAMICUS 005 20150306000000.0 008 150306s1976 it u000 u ita u 013 $a52267 040 $aSeMil$bita 100 1 $aRosmini, Antonio,$c.$0(OLS)http://semarc/name/405 245 10$aMassime di perfezione cristiana /$ca cura di Alfeo Valle. 300 $a307 p. 500 $aFondo card. Giovanni Colombo. 650 4$aAscetica - Testi.$0(OLS)http://semarc/subject/1695 700 1 $aValle, Alfeo.$0(OLS)http://semarc/name/6767 773 0 $aRosmini, Antonio $tOpere edite ed inedite di Antonio Rosmini.$dRoma : Istituto di studi filosofici$g49$w()31530 850 $aSeMil 852 $aSeMil$W1$xVenegono$y1$m3GC IV 152$j45636$B45636$CSeMilBibl$Z2$F47626 $8B 900 1 $aRosmini Serbati, Antonio. 941 1 $a3 961 $aLascito: Colombo Card. Giovanni 996 $6245$aMassime di perfezione cristiana$9(OLS)http://semarc/title/116450